000 00497nam a2200181 a 4500
001 210
003 CO-ViMGA
008 141112s2004 ck r 000 u spa d
040 _aCO-ViMGA
_bspa
_cCO-ViMGA
082 0 4 _aNOSd
100 1 _aNostlinger, Christine
_911091
245 1 0 _aDe por que a Franz le dolió el estomago /
_cChristine Nostlinger
260 _aBogotá :
_bNorma,
_c1990
300 _a55 p : il
490 _aTorre de papel
650 1 4 _aCUENTOS AUSTRIACOS
_94252
942 _2ddc
_cBK
999 _c12457
_d12457